000 01903nam a2200265Ia 4500
008 260220t1965||||xx |||||||||||||| ||spa||
040 _aPY-SlUNAC
_bspa
_erda
041 _aspa
082 _a630.2
_bG636l
100 _aGonde, H.
_eAutor
245 0 _aLecciones de agricultura /
_cpor H. Gonde [Autor]; G. Carre [Autor] y Ph. Jussiaux [Autor]
264 _aMadrid :
_bAguila,
_c℗1965.
300 _a1 volumen
520 _aEn "Lecciones de agricultura", Gonde ofrece una visión integral y pedagógica sobre los principios y prácticas agrícolas, destacando la importancia de la agricultura en el desarrollo económico y social. El autor aborda temas fundamentales como la preparación del suelo, la selección de cultivos, la irrigación y el uso de fertilizantes, así como las técnicas de cosecha y almacenamiento. A lo largo del texto, se enfatiza la necesidad de adoptar métodos sostenibles que respeten el medio ambiente y promuevan la biodiversidad, resaltando la interacción entre la agricultura y los ecosistemas locales. Gonde también analiza las innovaciones tecnológicas que han transformado el sector agrícola, presentando estudios de caso y ejemplos prácticos que ilustran la aplicación de teorías en contextos reales. El libro se convierte en una herramienta valiosa para estudiantes, agricultores y profesionales del sector, al proporcionar una base sólida en los fundamentos de la agricultura moderna y su relevancia en la seguridad alimentaria global, promoviendo un enfoque crítico y reflexivo sobre el futuro de la agricultura.
653 _aAgricultura
653 _aDesarrollo rural
653 _aEducación agrícola
700 _aCarre, G.
_eAutor
700 _aJussiaux, Ph.
_eAutor
942 _b2026/02/17
_cBK
999 _c8614
_d8614